Processes modeling in the discharge circuits of the high temperature lead vapor laser; The 8th Korea-Russia International Symposium on Science and Technology (KORUS 2004), June 26 - July 3, 2004, Tomsk, Russia; Vol. 2
| Parent link: | The 8th Korea-Russia International Symposium on Science and Technology (KORUS 2004), June 26 - July 3, 2004, Tomsk, Russia: [proceedings]/ Tomsk Polytechnic University (TPU) ; Novosibirsk State Technical University.— , 2004 Vol. 2.— 2004.— [P. 262-272] |
|---|---|
| Autore principale: | |
| Altri autori: | , |
| Riassunto: | Title screen Excitation circuit self-consistent model of the lead vapor laser is formed. Four discharge circuits are under investigation. The analysis of the discharge circuit parameters influence over the pump pulse characteristics of the lead vapor laser is performed. The comparison of the examined circuits influence upon the pump pulse parameters is conducted. Режим доступа: по договору с организацией-держателем ресурса |
| Lingua: | inglese |
| Pubblicazione: |
2004
|
| Soggetti: | |
| Accesso online: | http://dx.doi.org/10.1109/KORUS.2004.1555617 |
| Natura: | Elettronico Capitolo di libro |
| KOHA link: | https://koha.lib.tpu.ru/cgi-bin/koha/opac-detail.pl?biblionumber=642556 |
MARC
| LEADER | 00000nla2a2200000 4500 | ||
|---|---|---|---|
| 001 | 642556 | ||
| 005 | 20231220114215.0 | ||
| 035 | |a (RuTPU)RU\TPU\network\7513 | ||
| 090 | |a 642556 | ||
| 100 | |a 20150626a2004 k y0rusy50 ba | ||
| 101 | 0 | |a eng | |
| 102 | |a RU | ||
| 105 | |a a z 101zy | ||
| 135 | |a drnn ---uucaa | ||
| 181 | 0 | |a i | |
| 182 | 0 | |a b | |
| 200 | 1 | |a Processes modeling in the discharge circuits of the high temperature lead vapor laser |f G. S. Evtushenko, O. V. Zhdaneev, S. V. Shchadenko | |
| 203 | |a Text |c electronic | ||
| 300 | |a Title screen | ||
| 320 | |a [References: p. 272 (2 tit.)] | ||
| 330 | |a Excitation circuit self-consistent model of the lead vapor laser is formed. Four discharge circuits are under investigation. The analysis of the discharge circuit parameters influence over the pump pulse characteristics of the lead vapor laser is performed. The comparison of the examined circuits influence upon the pump pulse parameters is conducted. | ||
| 333 | |a Режим доступа: по договору с организацией-держателем ресурса | ||
| 461 | 1 | |0 (RuTPU)RU\TPU\network\6379 |t The 8th Korea-Russia International Symposium on Science and Technology (KORUS 2004), June 26 - July 3, 2004, Tomsk, Russia |o [proceedings] |f Tomsk Polytechnic University (TPU) ; Novosibirsk State Technical University |d 2004 | |
| 463 | 0 | |0 (RuTPU)RU\TPU\network\6383 |t Vol. 2 |v [P. 262-272] |d 2004 | |
| 610 | 1 | |a электронный ресурс | |
| 610 | 1 | |a труды учёных ТПУ | |
| 700 | 1 | |a Evtushenko |b G. S. |c Doctor of Technical Sciences, Professor of Tomsk Polytechnic University (TPU) |c Russian specialist in electrophysics |f 1947- |g Gennady Sergeevich |3 (RuTPU)RU\TPU\pers\29009 |9 13729 | |
| 701 | 1 | |a Zhdaneev |b O. V. |c specialist in the field of electronics |c Assistant of Tomsk Polytechnic University, Candidate of physical and mathematical sciences |f 1978- |g Oleg Valeryevich |3 (RuTPU)RU\TPU\pers\32101 | |
| 701 | 1 | |a Shchadenko |b S. V. |c an expert in the field of electronics |c Assistant Tomsk Polytechnic University |f 1981- |g Sergey Vladimirovich |3 (RuTPU)RU\TPU\pers\34922 | |
| 801 | 2 | |a RU |b 63413507 |c 20150626 |g RCR | |
| 856 | 4 | |u http://dx.doi.org/10.1109/KORUS.2004.1555617 | |
| 942 | |c CF | ||